লোডিং...

A handbook of chemistry and physics

গ্রন্থ-পঞ্জীর বিবরন
প্রধান লেখক: Rao, C. N. R.
অন্যান্য লেখক: ...[et al.]
বিন্যাস: Printed Book
ভাষা:English
প্রকাশিত: New Delhi East-west press 1976
বিষয়গুলি:
LEADER 00558nam a2200169 a 4500
005 20151028161923.0
008 960221s1955 dcuabcdjdbkoqu001 0deng d
003 ViArRB
082 |a 540.02 
100 |a Rao, C. N. R.  |9 16231 
245 |a  A handbook of chemistry and physics 
653 |a Basic concept of general physics and chemistry 
700 |a ...[et al.]  |9 16230 
942 |c BK  |6 _ 
260 |a New Delhi  |b East-west press  |c 1976 
999 |c 71671  |d 71671 
952 |0 0  |1 0  |2 ddc  |4 0  |6 54002_K7  |7 0  |9 83480  |a SOS  |b SOS  |d 2010-01-15  |o 540.02 K7  |p MS003798  |r 2013-06-14  |w 2009-07-13  |y BK